000 00425nam a2200157 i 4500
001 83689
003 ES-MaACL
005 20230906174857.0
007 t|
008 041118s1973 sp ||||1| spa d
100 1 _aJardí, Enric.
_966109
245 1 0 _aTorres García /
_cEnric Jardí.
260 _aBarcelona :
_bPolígrafa,
_c[1973]
300 _a286 p., 49 lám. :
_bil. ;
_c28 cm.
852 _aES-MaACL
_jC-54197
_bR.86895
999 _c83689
_d83689